| 000 | 00375cam a22001097a 4500 | ||
|---|---|---|---|
| 008 | 180718b1950 xxu||||| |||| 00| 0 eng d | ||
| 082 | _aB7303x5452 M267/1949 | ||
| 100 | _aMadras. Legal Department | ||
| 245 | _aThe Madras district municipalities Act, 1920 (Madras Act No., V of 1920) as modified up to the Ist May 1949 | ||
| 260 |
_aMadras _bThe author _c1950 |
||
| 300 | _a215+p. | ||
| 999 |
_c488697 _d488697 |
||